|
|
|
|
| LEADER |
01043nam a2200277 u 4500 |
| 001 |
10021547 |
| 003 |
upatras |
| 005 |
20210117205547.0 |
| 008 |
990123s1997 sz eng |
| 020 |
|
|
|a 3764356928
|
| 040 |
|
|
|a GR-PaULI
|c GR-PaULI
|
| 041 |
0 |
|
|a eng
|
| 082 |
0 |
4 |
|a 571.656
|
| 245 |
1 |
0 |
|a The Golgi apparatus
|c edited by E.G. Berger, J. Roth
|
| 260 |
|
|
|a Basel
|b Birkhauser Verlag
|c 1997
|
| 300 |
|
|
|a viii, 306 p.
|b fig., tab.
|c 24 cm.
|
| 504 |
|
|
|a Includes bibliographical references and index
|
| 650 |
|
4 |
|a Βιολογία κυττάρου
|x Συσκευή Golgi
|9 146137
|
| 650 |
|
4 |
|a Κύτταρα
|9 1663
|
| 700 |
1 |
|
|a Berger, Eric G.
|4 edt
|9 146138
|
| 700 |
1 |
|
|a Roth, Jurgen
|4 edt
|9 66122
|
| 852 |
|
|
|a GR-PaULI
|b ΠΑΤΡΑ
|b ΒΚΠ
|b ΒΣ1
|k ΑΣΧΞ
|h 571.656 BER
|m 042690
|p 025000054269
|t 1
|
| 942 |
|
|
|2 ddc
|c BK15
|
| 952 |
|
|
|0 0
|1 0
|4 0
|6 571_656000000000000_BER
|7 0
|9 183865
|a LISP
|b LISP
|c BSC
|d 2016-04-24
|i 042690
|l 0
|o 571.656 BER
|p 025000054269
|r 2016-04-24 00:00:00
|t 1
|w 2016-04-24
|y BK15
|
| 998 |
|
|
|c ΣΥΨΑ
|d 1999-04
|
| 999 |
|
|
|c 113432
|d 113432
|